Score 0/21 Timer 02:00
1 Play Today
Clue 4-Letter Word % Correct
Soccer achievementGOAL
96.9%
Rubik's ___CUBE
96.6%
Tusked pigBOAR
96.5%
Aquatic vesselBOAT
95.8%
'___ as a cucumber'COOL
95.4%
Ted, Baloo, or Smokey e.g.•BEAR•
94.7%
Frosty's eye materialCOAL
94.6%
Capricorn's animalGOAT
94.4%
Solstice MonthJUNE
93.4%
Adjust guitar stringsTUNE
92.3%
HBO show: '___ of Thrones'•GAME•
92.2%
Clue 4-Letter Word % Correct
Top and bottom connected bedsBUNK
91.8%
Television slangTUBE
90.1%
Wells Fargo or Citigroup, e.g.BANK
89.9%
WasteJUNK
88.5%
[Rung 1]'s younglings •CUBS•
86.3%
Dove's criesCOOS
84.7%
Corn discardsCOBS
83.5%
Batman villainBANE
79.1%
Scandal suffixGATE
57.4%
Restrain one's breathBATE
56.3%

Today's Daily Dose

Remove Ads.
Support Sporcle.
Get the best of Sporcle when you Go Orange. This ad-free experience offers more features, more stats, and more fun while also helping to support Sporcle. Thank you for becoming a member.

You're not logged in!

Compare scores with friends on all Sporcle quizzes.
OR
Log In

Show Comments

Extras

Top Quizzes Today


Score Distribution

Your Account Isn't Verified!

In order to create a playlist on Sporcle, you need to verify the email address you used during registration. Go to your Sporcle Settings to finish the process.

Report this User

Report this user for behavior that violates our Community Guidelines.

Details: